000
00248nam a2200097Ia 4500
001
701806
005
20250826162320.0
008
250824s9999 xx 000 0 und d
245
0
_a
ABDURRAHMAN HAN DESTANI
_c
İSA ÖZKAN
260
_b
KÜLTÜR BAKANLIĞI
999
_c
701806
_d
701806